000
00265nam a2200133Ia 4500
100
_a
Hearn/ Baker
942
_c
BK
654
_a
Computer
245
_a
Computer Graphics
260
_b
P.H.I
_a
New Delhi
_c
1995
300
_a
652
546
_a
ENGLISH
999
_c
34108
_d
34108